000 nam a22 7a 4500
999 _c9860
_d9860
008 180208b ||||| |||| 00| 0 eng d
100 _aKennedy, N
_95941
245 _aFirst Aid
260 _aNew Delhi
_bThree ess Publication
_c2012